[Event "Wch U18"]
[Site "Menorca"]
[Date "1996.??.??"]
[Round "4"]
[White "Kobalija, Mihail"]
[Black "Goloshchapov, Alexander"]
[Result "0-1"]
[WhiteElo "2495"]
[BlackElo "2455"]

1.e4 c5 2.Nf3 Nc6 3.d4 cxd4 4.Nxd4 Nf6 5.Nc3 d6 6.Bg5 e6 7.Qd2 a6 8.O-O-O h6
9.Bf4 Bd7 10.Nxc6 Bxc6 11.f3 d5 12.Qe1 Bb4 13.a3 Ba5 14.Bd2 O-O 15.exd5 exd5
16.Ne2 Bb6 17.Qg3 Kh8 18.Bc3 Rc8 19.Bd4 Ba4 20.Nc3 Bxd4 21.Rxd4 Bc6 22.Rd1 b5
23.Qf2 Qc7 24.Qd4 a5 25.Bd3 b4 26.axb4 axb4 27.Qxb4 Rb8 28.Qc5 Nd7 29.Qd4 Qa5
30.Nb1 Nc5 31.Qc3 Rb4 32.Bf5 Rc4 33.Qe3 Qb6 34.Rde1 Rb8 35.Kd1 Qxb2 36.Nd2 Rc3
37.Qe5 Ra8 38.Nb1 d4 39.Nxc3 Qxc3 40.Be4 Ra1+  0-1

[Event "Wch U18"]
[Site "Menorca"]
[Date "1996.??.??"]
[Round "6"]
[White "Kalod, Radek"]
[Black "Goloshchapov, Alexander"]
[Result "1/2-1/2"]
[WhiteElo "2380"]
[BlackElo "2455"]

1.e4 c5 2.Nf3 Nc6 3.d4 cxd4 4.Nxd4 Nf6 5.Nc3 d6 6.Bg5 e6 7.Qd2 a6 8.O-O-O h6
9.Be3 Be7 10.f4 Nxd4 11.Bxd4 b5 12.Bd3 b4 13.Na4 Rb8 14.e5 dxe5 15.Bxe5 Bd7
16.f5 Nd5 17.h4 O-O 18.fxe6 fxe6 19.Qe2 Rc8  1/2-1/2

[Event "Wch U16"]
[Site "Menorca"]
[Date "1996.??.??"]
[Round "8"]
[White "Gershon, Alik"]
[Black "Solak, Dragan"]
[Result "1/2-1/2"]
[WhiteElo "2255"]
[BlackElo "2435"]

1.e4 c5 2.Nf3 d6 3.d4 cxd4 4.Nxd4 Nf6 5.Nc3 Nc6 6.Bg5 e6 7.Qd2 a6 8.O-O-O h6
9.Be3 Be7 10.f4 Bd7 11.Kb1 b5 12.Bd3 Qc7 13.h3 Na5 14.g4 Nc4 15.Bxc4 Qxc4
16.g5 hxg5 17.fxg5 b4 18.gxf6 bxc3 19.fxg7 Rg8 20.Qg2 cxb2 21.h4 e5 22.h5 exd4
23.Rxd4 Qc3 24.h6 Be6 25.h7 Kd7 26.hxg8=Q Rxg8 27.Rd3 Rxg7 28.Rxc3 Rxg2 29.Bd4 Rg4
30.Bb6 Bf6 31.Rc7+ Ke8 32.Rg1 Be5 33.Rxg4 Bxg4 34.c3 Bf3 35.Bd4 Bf4 36.Kxb2 Bxe4
37.Bf6 Be5 38.Bxe5 dxe5 39.c4 f6 40.Kc3 Kd8 41.Ra7 f5 42.Kb4 f4 43.Kc5 f3
44.Kd6 Ke8 45.Ke6 Bc6 46.Rh7 Kf8 47.Rf7+ Kg8 48.Rxf3  1/2-1/2

[Event "Wch U18"]
[Site "Menorca"]
[Date "1996.??.??"]
[Round "8"]
[White "Kalod, Radek"]
[Black "Naumann, Alexander"]
[Result "1-0"]
[WhiteElo "2380"]
[BlackElo "2365"]

1.e4 c5 2.Nf3 Nc6 3.d4 cxd4 4.Nxd4 Nf6 5.Nc3 d6 6.Bg5 e6 7.Qd2 a6 8.O-O-O h6
9.Be3 Be7 10.f4 Nxd4 11.Bxd4 b5 12.Bd3 b4 13.Na4 Rb8 14.e5 dxe5 15.Bxe5 Bd7
16.f5 Bxa4 17.fxe6 Rc8 18.exf7+ Kxf7 19.Qf4 Qb6 20.Bc4+ Rxc4 21.Qxc4+ Qe6
22.Qxe6+ Kxe6 23.Rhe1 Kf7 24.Bd6 Bxd6 25.Rxd6 Bb5 26.Rd4 a5 27.Re5 Rb8 28.g3 Rb6
29.b3 Bc6 30.Rxa5 Ke6 31.Kb2 Nd5 32.a3 bxa3+ 33.Kxa3 Ne3 34.Kb2 Nf1 35.Ra1 Nxh2
36.Re1+ Kf7 37.Rf4+ Kg8 38.Re6 Ra6 39.c4 Bb7 40.Rxa6 Bxa6 41.b4 g5 42.b5 Bb7
43.Rd4 Kf8 44.c5  1-0

[Event "Wch U16"]
[Site "Menorca"]
[Date "1996.??.??"]
[Round "10"]
[White "Fressinet, Laurent"]
[Black "Solak, Dragan"]
[Result "1/2-1/2"]
[WhiteElo "2315"]
[BlackElo "2435"]

1.e4 c5 2.Nf3 d6 3.d4 cxd4 4.Nxd4 Nf6 5.Nc3 Nc6 6.Bg5 e6 7.Bb5 Bd7 8.Bxc6 bxc6
9.Qf3 e5 10.Nf5 Bxf5 11.Qxf5 Qd7 12.Qf3 Be7 13.O-O-O O-O 14.Qd3 Qe6 15.h4 Rfd8
16.h5 h6 17.Bh4 Rd7 18.Qh3 Rb8 19.Qxe6 fxe6 20.f4 Rdb7 21.fxe5 dxe5 22.b3 Bb4
23.Be1 c5 24.Na4 Ba3+ 25.Kb1 c4 26.Bc3 Rb5 27.Rhe1 cxb3 28.axb3 Bb4 29.Bxb4 Rxb4
30.Nc5  1/2-1/2

[Event "Wch U18"]
[Site "Menorca"]
[Date "1996.??.??"]
[Round "10"]
[White "Sadvakasov, Darmen"]
[Black "Goloshchapov, Alexander"]
[Result "1-0"]
[WhiteElo "2360"]
[BlackElo "2455"]

1.e4 c5 2.Nf3 Nc6 3.d4 cxd4 4.Nxd4 Nf6 5.Nc3 d6 6.Bg5 e6 7.Qd3 a6 8.Rd1 Bd7
9.Be2 Be7 10.O-O O-O 11.Qg3 Qc7 12.Qh4 Ne5 13.f4 h6 14.Bxh6 Ng6 15.Qg3 gxh6
16.f5 Kh7 17.fxg6+ fxg6 18.e5 dxe5 19.Bd3 Be8 20.Nf3 Bd6 21.Qh3 Kg7 22.Qxe6 Bc6
23.Bxg6 Rad8 24.Kh1 Qd7 25.Qxd7+ Rxd7 26.Nh4 Bb4 27.Bd3 Bxc3 28.Nf5+ Kg6
29.bxc3 e4 30.Nh4+ Kg5 31.Rf5+ Kxh4 32.Be2 Rxd1+ 33.Bxd1 Bd7 34.g3+ Kh3 35.Rf4 Bg4
36.Be2  1-0

[Event "Mondariz op"]
[Site "Mondariz"]
[Date "1996.??.??"]
[Round "?"]
[White "Romero, Antonio"]
[Black "Garcia Ilundain, David"]
[Result "1/2-1/2"]
[WhiteElo "2430"]
[BlackElo "2520"]

1.e4 c5 2.Nf3 d6 3.d4 cxd4 4.Nxd4 Nf6 5.Nc3 Nc6 6.Bg5 e6 7.Qd2 h6 8.Bxf6 gxf6
9.Be2 h5 10.O-O-O a6 11.Kb1 Qb6 12.Nb3 Qc7 13.f4 Bd7 14.a4 h4 15.a5 O-O-O
16.Na4 Kb8 17.Nb6 Be8 18.f5 h3 19.g3  1/2-1/2

[Event "Mondariz op"]
[Site "Mondariz"]
[Date "1996.??.??"]
[Round "?"]
[White "Gonzalez, J."]
[Black "Fernandez Siles, Luis"]
[Result "0-1"]
[WhiteElo "2105"]
[BlackElo "2260"]

1.e4 c5 2.Nf3 Nc6 3.d4 cxd4 4.Nxd4 Nf6 5.Nc3 d6 6.Bg5 e6 7.Bb5 Bd7 8.Bxc6 Bxc6
9.Nxc6 bxc6 10.Qf3 Qa5 11.Bxf6 gxf6 12.Qxf6 Rg8 13.O-O Rb8 14.Rab1 Bg7 15.Qf3 Be5
16.b4 Qa6 17.Rb3 Bxh2+ 18.Kxh2 Qxf1 19.e5 d5 20.Ne2 Rg6 21.Nf4 Rh6+ 22.Kg3 Qe1
23.Re3 Qh1 24.Qg4 Rxb4 25.Ra3 Rg6  0-1

[Event "Mondariz op"]
[Site "Mondariz"]
[Date "1996.??.??"]
[Round "?"]
[White "Gonzalez, J."]
[Black "Garcia Ilundain, David"]
[Result "1/2-1/2"]
[WhiteElo "2105"]
[BlackElo "2520"]

1.e4 c5 2.Nf3 d6 3.d4 Nf6 4.Nc3 cxd4 5.Nxd4 Nc6 6.Bg5 e6 7.Bb5 Qb6 8.Bxf6 gxf6
9.Nd5 exd5 10.exd5 a6 11.Bxc6+ bxc6 12.Qe2+ Kd8 13.Nxc6+ Kc7 14.Qe8 Bg7 15.Qxf7+ Bd7
16.O-O Rhg8  1/2-1/2

[Event "Monaco tt"]
[Site "Monte Carlo"]
[Date "1996.??.??"]
[Round "5"]
[White "Babault, Patrice"]
[Black "Garcia, Raul"]
[Result "1/2-1/2"]
[WhiteElo "2305"]
[BlackElo "2285"]

1.e4 c5 2.Nf3 Nc6 3.d4 cxd4 4.Nxd4 Nf6 5.Nc3 d6 6.Bg5 e6 7.Qd2 a6 8.O-O-O h6
9.Be3 Be7 10.f4 Nxd4 11.Bxd4 b5 12.Qe3 Qc7 13.e5 dxe5 14.Bxe5 Qa7 15.Qg3 b4
16.Bxf6 gxf6 17.Ne4 Kf8 18.f5 exf5 19.Nd6 Qc5 20.Bc4 f4 21.Qxf4 Qg5 22.Rhf1 Be6
23.Bxe6 fxe6 24.Ne4 Qxf4+ 25.Rxf4 f5 26.g4 Bg5 27.Nxg5 hxg5 28.Rxb4 Rh7 29.Rb6  1/2-1/2

[Event "Moravia-ch op"]
[Site "Moravia"]
[Date "1996.??.??"]
[Round "?"]
[White "Kornilovich, Vitaly"]
[Black "Firt, Stanislav"]
[Result "1-0"]
[WhiteElo "2195"]
[BlackElo "2375"]

1.e4 c5 2.Nf3 d6 3.d4 cxd4 4.Nxd4 Nf6 5.Nc3 Nc6 6.Bg5 e6 7.Qd2 a6 8.O-O-O Bd7
9.Nxc6 Bxc6 10.Qe1 Qa5 11.Bxf6 gxf6 12.f4 O-O-O 13.Bd3 b5 14.Kb1 Kb8 15.Qh4 b4
16.Qxf6 Be7 17.Qxe7 bxc3 18.Qf6 Rhg8 19.g3 d5 20.Qxc3 Qxc3 21.bxc3 Ka7 22.exd5 Bxd5
23.Rhe1 Rb8+ 24.Ka1 Rgc8 25.Rb1 Rxc3 26.Rxb8 Kxb8 27.Kb2 Rc6 28.Bxh7 f5 29.h4 Be4
30.Rxe4 fxe4 31.Bxe4 Rc5 32.Bg6 e5 33.fxe5 Rxe5 34.g4 Kc7 35.h5 Kd6 36.h6 Rb5+
37.Kc3 Ke7 38.Bd3 Rc5+ 39.Kd4 Rg5 40.Bf5 Rg8 41.Ke5  1-0

[Event "Moscow GM1"]
[Site "Moscow"]
[Date "1996.??.??"]
[Round "?"]
[White "Guliev, Logman"]
[Black "Samoliuk, Igor"]
[Result "1-0"]
[WhiteElo "2350"]
[BlackElo "2285"]

1.e4 c5 2.Nf3 d6 3.d4 cxd4 4.Nxd4 Nf6 5.Nc3 Nc6 6.Bg5 e6 7.Qd2 a6 8.O-O-O h6
9.Be3 Bd7 10.f3 b5 11.g4 Qc7 12.Nxc6 Bxc6 13.Kb1 Rc8 14.Bd3 d5 15.Bf4 Qb7
16.Rhe1 dxe4 17.Nxe4 Nxe4 18.Bxe4 Be7 19.g5 Bxe4 20.Rxe4 hxg5 21.Bxg5 Bxg5
22.Qxg5 O-O 23.Rg1 f6 24.Qh6 Rc4 25.Rxe6 Rd8 26.Qg6 Qd7 27.Rd6  1-0

[Event "Moscow GM3"]
[Site "Moscow"]
[Date "1996.??.??"]
[Round "?"]
[White "Iordachescu, Viorel"]
[Black "Korotylev, Alexey"]
[Result "1-0"]
[WhiteElo "2440"]
[BlackElo "2440"]

1.e4 c5 2.Nf3 Nc6 3.d4 cxd4 4.Nxd4 Nf6 5.Nc3 d6 6.Bg5 e6 7.Qd2 a6 8.O-O-O h6
9.Be3 Be7 10.f3 Nxd4 11.Qxd4 b5 12.h4 e5 13.Qd2 Be6 14.g4 Qa5 15.Kb1 Rc8
16.a3 Rxc3 17.Qxc3 Qxc3 18.bxc3 d5 19.g5 hxg5 20.Bxg5 dxe4 21.Bxf6 Bxf6 22.fxe4 Ke7
23.Bh3 Rc8 24.Bxe6 Kxe6 25.Kb2 Rc4 26.Rde1 Be7 27.h5 Bg5 28.Re2 Bf4 29.Rg1 Kf6
30.Rd1 Kg5 31.Rg2+ Kh6 32.Rd6+ f6 33.Rd8 Kh7 34.Re2 Ra4 35.Ra8 Bg5 36.Re1 g6
37.hxg6+ Kxg6 38.Kb3 Bd2 39.Rf1 Bg5 40.c4 Rxc4 41.Rxa6 Rxe4 42.Rb6 Re3+ 43.c3 e4
44.Rxb5 Rd3 45.Rg1 e3 46.Kc4 Rd8 47.a4 Re8 48.Kd3 Rd8+ 49.Ke4 Rc8 50.Kd4 Re8
51.Rb2 Rd8+ 52.Ke4 Rc8 53.Ra1 f5+ 54.Kf3 Rc4 55.a5 Rf4+ 56.Kg2 Rg4+ 57.Kf1 Rf4+
58.Kg1 Re4 59.Re2 f4 60.Kg2 Kf5 61.Kf3 Re7 62.a6 Ra7 63.Ra5+ Kf6 64.Rb2  1-0

[Event "RUS-Cup2"]
[Site "Moscow"]
[Date "1996.??.??"]
[Round "2"]
[White "Saulin, Dmitri"]
[Black "Belikov, Vladimir"]
[Result "1-0"]
[WhiteElo "2395"]
[BlackElo "2510"]

1.e4 c5 2.Nf3 d6 3.d4 cxd4 4.Nxd4 Nf6 5.Nc3 Nc6 6.Bg5 Qb6 7.Nb3 e6 8.Be2 Be7
9.O-O O-O 10.Kh1 Qc7 11.f4 a6 12.Bd3 h6 13.Bh4 Nxe4 14.Nxe4 Bxh4 15.Nxd6 Rd8
16.Nxc8 Raxc8 17.c3 a5 18.a4 Qb6 19.Rf3 Kh8 20.Rh3 Be7 21.Rb1 e5 22.Nd2 exf4
23.Qh5 Kg8 24.Bc4 Rxd2 25.Qxf7+ Kh8 26.Qe6 Bg5 27.Qxc8+ Rd8 28.Qg4 Qc5 29.Bb5 Ne7
30.Rd3 Rf8 31.Qe6 Nf5 32.Rd5 Qe3 33.Re5 Qd2 34.Rxf5 Rd8 35.Qe2 Qd6 36.Re5 Qg6
37.Re1 Rf8  1-0

[Event "Moscow Alekhine op"]
[Site "Moscow"]
[Date "1996.??.??"]
[Round "2"]
[White "Osadchenko, Andrei"]
[Black "Lagunov, Evgenij"]
[Result "1-0"]
[WhiteElo "2125"]
[BlackElo "2320"]

1.e4 c5 2.Nf3 Nc6 3.d4 cxd4 4.Nxd4 Nf6 5.Nc3 d6 6.Bg5 e6 7.Bb5 Bd7 8.Bxc6 bxc6
9.Qf3 h6 10.Bh4 e5 11.Nf5 g5 12.Bg3 g4 13.Qd3 Bxf5 14.exf5 Nh5 15.Qe4 Qd7
16.Qxg4 Ng7 17.O-O-O Qxf5 18.Qa4 Rc8 19.f4 Ne6 20.fxe5 dxe5 21.Qxa7 Rc7 22.Qb8+ Ke7
23.Bh4+ f6 24.Rhf1  1-0

[Event "RUS-Cup2"]
[Site "Moscow"]
[Date "1996.??.??"]
[Round "4"]
[White "Olenin, Nikolay"]
[Black "Vasiukov, Evgeni"]
[Result "0-1"]
[WhiteElo "2385"]
[BlackElo "2505"]

1.e4 c5 2.Nf3 d6 3.d4 cxd4 4.Nxd4 Nf6 5.Nc3 Nc6 6.Bg5 Qb6 7.Nb3 e6 8.Qd2 Be7
9.O-O-O a6 10.f4 Qc7 11.Bxf6 gxf6 12.f5 O-O 13.Nd4 Kh8 14.Kb1 Bd7 15.g3 Nxd4
16.Qxd4 b5 17.Bh3 Rfc8 18.fxe6 fxe6 19.Qd3 Qb7 20.Rhe1 Rc5 21.Ne2 Re8 22.Nf4 Re5
23.Qc3 b4 24.Qb3 Bf8 25.Nd3 Rxe4 26.Rxe4 Qxe4 27.Re1 Qf3 28.Bxe6 Rxe6 29.Rxe6 Qd1+
30.Nc1 Bh6 31.Re3 Qg1 32.Qf7 Qxe3 33.Qxf6+ Kg8  0-1

[Event "Moscow-ch"]
[Site "Moscow"]
[Date "1996.??.??"]
[Round "7"]
[White "Mozaliov, SV."]
[Black "Kiselev, Sergey"]
[Result "0-1"]
[WhiteElo "2300"]
[BlackElo "2545"]

1.e4 c5 2.Nf3 d6 3.d4 cxd4 4.Nxd4 Nf6 5.Nc3 Nc6 6.Bg5 e6 7.Qd2 a6 8.O-O-O h6
9.Be3 Be7 10.f4 Nxd4 11.Bxd4 b5 12.Qe3 Qc7 13.e5 dxe5 14.Bxe5 Ng4 15.Qf3 Nxe5
16.Qxa8 Nd7 17.Qf3 Bb7 18.Qg3 b4 19.Ne2 O-O 20.f5 e5 21.Qd3 Nc5 22.Qc4 Rd8
23.h4 Rxd1+ 24.Kxd1 Qd8+ 25.Kc1 Ne4 26.Qd3 Qb6 27.Qf3 Qa5  0-1

[Event "Moscow Alekhine op"]
[Site "Moscow"]
[Date "1996.??.??"]
[Round "7"]
[White "Dvoirys, Semen I"]
[Black "Dragomarezkij, Evgeni"]
[Result "1-0"]
[WhiteElo "2585"]
[BlackElo "2455"]

1.e4 c5 2.Nf3 d6 3.d4 cxd4 4.Nxd4 Nf6 5.Nc3 Nc6 6.Bg5 e6 7.Qd2 a6 8.O-O-O h6
9.Be3 Ng4 10.Nxc6 bxc6 11.Bc5 Qg5 12.Qxg5 hxg5 13.Be2 dxc5 14.Bxg4 Rb8 15.Nb1 f5
16.exf5 exf5 17.Bf3 Rh6 18.h3 Kf7 19.Nd2 Rb4 20.c3 Rbh4 21.Rhe1 Rd6 22.Be2 Kf6
23.Bc4 Be7 24.b3 Rh8 25.Re2 Rdd8 26.Rde1 Rhe8 27.Re6+ Bxe6 28.Rxe6+ Kf7 29.Rh6+  1-0

[Event "Moscow-ch"]
[Site "Moscow"]
[Date "1996.??.??"]
[Round "10"]
[White "Nikolenko, Oleg"]
[Black "Verner, A."]
[Result "0-1"]
[WhiteElo "2480"]
[BlackElo "2355"]

1.e4 c5 2.Nf3 d6 3.d4 cxd4 4.Nxd4 Nf6 5.Nc3 Nc6 6.Bg5 e6 7.Qd2 Be7 8.O-O-O O-O
9.Nb3 Qb6 10.f3 a6 11.g4 Rd8 12.Be3 Qc7 13.g5 Nd7 14.h4 b5 15.g6 Nce5 16.gxf7+ Kxf7
17.f4 Nc4 18.Bxc4 bxc4 19.Nd4 Nf6 20.Rhg1 Rb8 21.Qg2 Bf8 22.f5 exf5 23.Bg5 Be7
24.exf5 Qb7 25.Nc6 Qxb2+ 26.Kd2 Bxf5 27.Nd4 Ne4+ 28.Qxe4 Bxg5+ 29.hxg5 Bxe4
30.Rb1 Qa3 31.Nxe4 Rxb1 32.Rxb1 d5 33.Rb7+ Kg8 34.Nc3 Qd6 35.Nce2 Rf8 36.Kc3 Qe5
37.Kb4 Qxg5 38.Ka5 h5  0-1

[Event "Moscow-ch"]
[Site "Moscow"]
[Date "1996.??.??"]
[Round "11"]
[White "Mozaliov, SV."]
[Black "Kalinin, Alexander"]
[Result "1/2-1/2"]
[WhiteElo "2300"]
[BlackElo "2430"]

1.e4 c5 2.Nf3 d6 3.d4 cxd4 4.Nxd4 Nf6 5.Nc3 Nc6 6.Bg5 e6 7.Qd2 a6 8.O-O-O h6
9.Be3 Be7 10.f4 Nxd4 11.Bxd4 b5 12.Qe3 Qc7 13.e5 dxe5 14.fxe5 Nd7 15.Ne4 Bb7
16.Nd6+ Qxd6 17.exd6 Bg5 18.Qxg5 hxg5 19.Bxg7 Rh4 20.Bd4 Rc8 21.Be3 f6 22.Rd2 Kf7
23.h3 e5 24.Bd3 Ke6 25.Rf1 Be4 26.Bxe4 Rxe4 27.Rd3 Rec4 28.Rf2 R4c6 29.Rfd2 Rd8
30.b4 Rc4 31.a3 Rdc8 32.Kb2 g4 33.hxg4 Rxg4 34.Bc5 Rc4  1/2-1/2

[Event "Munich op"]
[Site "Munich"]
[Date "1996.??.??"]
[Round "?"]
[White "Meijers, Viesturs"]
[Black "Gross, Stefan"]
[Result "1-0"]
[WhiteElo "2375"]
[BlackElo "2290"]

1.e4 c5 2.Nf3 d6 3.d4 cxd4 4.Nxd4 Nf6 5.Nc3 Nc6 6.Bg5 Qb6 7.Nb3 e6 8.Bd3 Be7
9.O-O a6 10.a4 Na5 11.Be3 Qc7 12.Nd2 b6 13.f4 Bb7 14.Kh1 d5 15.f5 dxe4 16.Ndxe4 Nxe4
17.Nxe4 Nc4 18.Bf4 e5 19.Bxc4 exf4 20.Qe2 Qe5 21.Nc3 Qxe2 22.Nxe2 f3 23.gxf3 O-O
24.Rad1 Rfd8 25.Kg2 Bf6 26.b3 Kf8 27.Ng3 a5 28.Bd3 Rac8 29.c4 Bc6 30.Be4 Be8
31.Bd5 h6 32.Rd3 Be7 33.Rfd1 Bb4 34.f6 g6 35.h4 h5 36.f4 Rd6 37.Ne4 Rd7 38.f5 gxf5
39.Ng3 Rd6 40.Nxh5 Ba3 41.Kf3 Bb2 42.Kf4 Bxf6 43.Nxf6 Rxf6 44.Bf3 Ke7 45.Rd5  1-0

[Event "Naantali op"]
[Site "Naantali"]
[Date "1996.??.??"]
[Round "2"]
[White "Fieandt, John"]
[Black "Veingold, Aleksandr"]
[Result "0-1"]
[WhiteElo "2220"]
[BlackElo "2425"]

1.e4 c5 2.Nf3 Nc6 3.d4 cxd4 4.Nxd4 Nf6 5.Nc3 d6 6.Bg5 e6 7.Qd2 a6 8.O-O-O h6
9.Be3 Bd7 10.f4 b5 11.Bd3 Be7 12.h3 Nxd4 13.Bxd4 b4 14.Ne2 e5 15.Be3 Qa5
16.Kb1 exf4 17.Bxf4 O-O 18.g4 Be6 19.Nc1 d5 20.e5 Ne4 21.Qe1 Rfd8 22.Nb3 Qb6
23.Bxe4 dxe4 24.Qxe4 a5 25.Be3 Qc7 26.Rhe1 a4 27.Nd4 Bd5 28.Qf5 Qc4 29.b3 axb3
30.cxb3 Qa6 31.Rd2 Bxb3 32.Qf2 Bh4 33.Qxh4 Bxa2+ 34.Kc1 Rac8+ 35.Rc2 Qa3+
36.Kd2 Rxc2+ 37.Kxc2 Qc3+  0-1

[Event "Naantali op"]
[Site "Naantali"]
[Date "1996.??.??"]
[Round "7"]
[White "Nokso Koivisto, Antti"]
[Black "Fieandt, John"]
[Result "0-1"]
[WhiteElo "2240"]
[BlackElo "2220"]

1.e4 c5 2.Nf3 Nc6 3.d4 cxd4 4.Nxd4 Nf6 5.Nc3 d6 6.Bg5 e6 7.Qd2 Be7 8.O-O-O Nxd4
9.Qxd4 a6 10.f4 b5 11.Bd3 Qc7 12.e5 dxe5 13.fxe5 Bc5 14.Qf4 Nd5 15.Nxd5 exd5
16.Qg3 Be6 17.Kb1 Rb8 18.Bc1 Bf8 19.Rhf1 Qc8 20.Qf4 Be7 21.Qg3 Bf8 22.Rf2 a5
23.Rdf1 g6 24.Bg5 Bc5 25.Re2 a4 26.Qf4 b4 27.Qf6 Rg8 28.Ree1 Qc7 29.Rd1 a3
30.b3 Be7 31.Qxe7+ Qxe7 32.Bxe7 Kxe7 33.Rf4 g5 34.Rd4 g4 35.g3 Rg5 36.Re1 Kd7
37.Kc1 Kc6 38.Rf4 Rh5 39.Re2 Kc5 40.Kd1 Rg8 41.Kd2 Rgg5 42.c3 bxc3+ 43.Kxc3 Rxe5
44.Rc2 Kd6 45.Kb4 Bf5 46.Bxf5 Rhxf5 47.Rxg4 Re4+ 48.Rxe4 dxe4 49.Kxa3 Kd5
50.Kb4 Kd4 51.a4 Kd3 52.Rc3+ Kd2 53.Rc7 f6 54.Re7 e3 55.a5 Re5 56.Rxe5 fxe5
57.a6 e2 58.a7 e1=Q 59.a8=Q Kd3+ 60.Kb5 e4 61.Qd5+ Ke3 62.Qg5+ Kf2 63.Qf4+ Kg2
64.Qe5 Qe2+ 65.Kb4 e3 66.Qe4+ Qf3 67.Qc2+ e2 68.Qd2 Qf2 69.Qd5+ Kg1 70.Qe4 e1=Q+  0-1

[Event "New York CITS"]
[Site "New York"]
[Date "1996.??.??"]
[Round "6"]
[White "Adams, Michael"]
[Black "Serper, Grigory"]
[Result "1-0"]
[WhiteElo "2660"]
[BlackElo "2540"]

1.e4 c5 2.Nf3 d6 3.d4 cxd4 4.Nxd4 Nf6 5.Nc3 Nc6 6.Bg5 e6 7.Qd2 a6 8.O-O-O h6
9.Be3 Be7 10.f4 Nxd4 11.Bxd4 b5 12.Qe3 Bb7 13.Bxf6 gxf6 14.Bd3 Qa5 15.Kb1 b4
16.Ne2 Qc5 17.Nd4 h5 18.Qe2 a5 19.Bb5+ Kf8 20.Bc4 Qb6 21.g4 hxg4 22.Qxg4 f5
23.Nxe6+ fxe6 24.Qg6 Qc7 25.Qxe6 Ke8 26.Rhg1 Bxe4 27.Rg7 Kd8 28.Rxe7 Qxe7
29.Rxd6+ Qxd6 30.Qxd6+ Ke8 31.Qe5+  1-0

[Event "JUG-ch op"]
[Site "Nis"]
[Date "1996.??.??"]
[Round "2"]
[White "Brankovic, Dejan"]
[Black "Nevednichy, Vladislav"]
[Result "0-1"]
[WhiteElo "2345"]
[BlackElo "2505"]

1.e4 c5 2.Nf3 d6 3.d4 cxd4 4.Nxd4 Nf6 5.Nc3 Nc6 6.Bg5 e6 7.Qd2 a6 8.O-O-O h6
9.Be3 Be7 10.f4 Bd7 11.Bd3 b5 12.h3 Nxd4 13.Bxd4 b4 14.Ne2 e5 15.Be3 Qa5
16.Kb1 Be6 17.Nc1 exf4 18.Bxf4 O-O 19.g4 d5 20.Nb3 Qb6 21.exd5 Nxd5 22.Bxh6 a5
23.Bg5 f6 24.Rhe1 fxg5 25.Rxe6 Qxe6 26.Bc4 Nc3+ 27.Qxc3 bxc3 28.Bxe6+ Kh8
29.a4 Bf6 30.bxc3 Bxc3 31.Rd3 Rf1+ 32.Ka2 Bf6 33.Rd5 Rf4 34.Bd7 Rc4 35.Kb1 Rd8
36.Rd3 Bc3 37.Ka2 g6 38.Bb5 Rxd3 39.cxd3 Rc8 40.Kb1 Kg7 41.Kc2 Kf6 42.Nd2 Bxd2+
43.Kxd2 Ke5 44.Ke3 Kd5 45.Ba6 Re8+ 46.Kd2 Kd4 47.Bb7 Rb8 48.Be4 Rb2+ 49.Kc1 Ra2
50.Bxg6 Rxa4 51.Kb2 Rb4+ 52.Ka3 Ke3  0-1

[Event "JUG-ch op"]
[Site "Nis"]
[Date "1996.??.??"]
[Round "6"]
[White "Brankovic, Dejan"]
[Black "Damljanovic, Branko"]
[Result "0-1"]
[WhiteElo "2345"]
[BlackElo "2510"]

1.e4 c5 2.Nf3 Nc6 3.d4 cxd4 4.Nxd4 Nf6 5.Nc3 d6 6.Bg5 e6 7.Qd2 h6 8.Bxf6 gxf6
9.O-O-O a6 10.f4 Bd7 11.Kb1 Qb6 12.Nb3 O-O-O 13.g3 Kb8 14.Bh3 h5 15.Qe2 Bc8
16.f5 h4 17.Bg4 hxg3 18.hxg3 Bh6 19.Rh5 Bg5 20.Qh2 Rhe8 21.fxe6 fxe6 22.Rh7 Ne5
23.Qh3 Nc4 24.Bh5 Rh8 25.Be2 Rxh7 26.Qxh7 Ne3 27.Rd4 e5 28.Rd3 Be6 29.Qe7 Bg8
30.Nd1 Nxd1 31.Rxd1 Qc7 32.Qxc7+ Kxc7 33.Rh1 d5 34.Bf3 dxe4 35.Bxe4 b6 36.c3 Be6
37.Rh7+ Rd7 38.Rxd7+ Kxd7 39.Kc2 a5 40.a4 Be3 41.Bf3 f5 42.Nd2 Bf2 43.Nf1 Bc4
44.Nd2 Ba6 45.g4 e4 46.Nxe4 fxe4 47.Bxe4 Bh4 48.b4 Kd6 49.Kb3 Be2 50.Bf5 Bd1+
51.Kc4 Bxa4 52.bxa5 bxa5 53.Bc8 Be7 54.Kd4 Bb5 55.c4 Bf6+ 56.Kd3 Bc6  0-1

[Event "JUG-ch op"]
[Site "Nis"]
[Date "1996.??.??"]
[Round "6"]
[White "Cabrilo, Goran"]
[Black "Lekic, Dusan"]
[Result "1-0"]
[WhiteElo "2490"]
[BlackElo "2420"]

1.e4 c5 2.Nf3 Nc6 3.d4 cxd4 4.Nxd4 Nf6 5.Nc3 d6 6.Bg5 e6 7.Qd2 a6 8.O-O-O h6
9.Be3 Bd7 10.f3 b5 11.Nxc6 Bxc6 12.Ne2 e5 13.Nc3 Qa5 14.Kb1 Be7 15.h4 Rb8
16.g4 b4 17.Nd5 Nxd5 18.exd5 Bb5 19.f4 Bxf1 20.Rhxf1 exf4 21.Bxf4 Qc7 22.Rfe1 Rb7
23.Re4 O-O 24.g5 Rc8 25.Rde1 Qd8 26.Qe2 Bf8 27.gxh6 Rbc7 28.Re8 Qxh4 29.hxg7  1-0

[Event "JUG-ch op"]
[Site "Nis"]
[Date "1996.??.??"]
[Round "7"]
[White "Dutreeuw, Marc"]
[Black "Markovic, Marko"]
[Result "0-1"]
[WhiteElo "2385"]
[BlackElo "2130"]

1.e4 c5 2.Nf3 d6 3.d4 cxd4 4.Nxd4 Nf6 5.Nc3 Nc6 6.Bg5 Bd7 7.Qd2 Rc8 8.O-O-O Nxd4
9.Qxd4 Qa5 10.Bd2 e5 11.Qd3 a6 12.Kb1 Qc7 13.Bg5 Ng4 14.Bh4 Qc5 15.Qd2 Be7
16.Bg3 Be6 17.f3 Nf6 18.Bf2 Qc7 19.Bh4 O-O 20.Bxf6 Bxf6 21.Be2 Be7 22.Rc1 Qa5
23.a3 b5 24.Rhd1 Qb6 25.Nd5 Bxd5 26.exd5 a5 27.c3 Rc5 28.c4 b4 29.a4 b3 30.Qe3 Qb4
31.Rc3 Rb8 32.Rdd3 Qxa4 33.Rxb3 Rb4 34.Ra3 Qe8 35.Rdb3 Rxb3 36.Rxb3 h6 37.Rb5 Bg5
38.Qa3 Rxb5 39.cxb5 Qd8 40.Qc3 g6 41.Ka2 h5 42.Kb3 Qb6 43.Ka4 Bd8 44.Qc6 Qd4+
45.Kb3 Qe3+ 46.Ka2 Bb6 47.Bc4 Qd4 48.Bb3 Kg7 49.Qxd6 a4 50.Bc2 Bc5 51.Qa6 a3  0-1

[Event "Nova Gorica"]
[Site "Nova Gorica"]
[Date "1996.??.??"]
[Round "4"]
[White "Caposciutti, Maurizio"]
[Black "Palac, Mladen"]
[Result "1/2-1/2"]
[WhiteElo "2310"]
[BlackElo "2545"]

1.e4 c5 2.Nf3 Nc6 3.d4 cxd4 4.Nxd4 Nf6 5.Nc3 d6 6.Bg5 e6 7.Qd2 a6 8.O-O-O h6
9.Be3 Nxd4 10.Bxd4 b5 11.Bd3 Be7 12.Kb1 Bb7 13.f3 e5 14.Be3 b4 15.Ne2 d5
16.exd5 Bxd5 17.Ng3 Qa5 18.b3 Be6 19.Be4 Rd8 20.Qe2 O-O 21.Rxd8 Rxd8 22.Rd1 Rxd1+
23.Qxd1 Nd5 24.Bxd5 Qxd5 25.Qxd5 Bxd5 26.Nf5 Bf8 27.Bb6 f6 28.Ne3 Bc6 29.Kc1 Kf7
30.Kd2 Ke6 31.c4 bxc3+ 32.Kxc3 f5 33.a4 g5 34.Nf1 h5 35.Nd2 g4 36.fxg4 hxg4
37.g3 f4 38.Nc4 Kd5 39.Kd3 Bg7 40.Nd2 Be8 41.Bc7 Bg6+ 42.Ke2 f3+ 43.Kf2 Kd4
44.Nc4 Bf7 45.Ne3 Be6 46.b4 Bf8 47.Bb6+ Kd3 48.b5 a5 49.h3 gxh3 50.Kxf3 e4+
51.Kf2 Bh6 52.Nf1 e3+ 53.Nxe3 Bxe3+ 54.Bxe3 h2 55.Kg2 Kxe3 56.Kh1 Kf2 57.Kxh2  1/2-1/2

[Event "Nova Gorica"]
[Site "Nova Gorica"]
[Date "1996.??.??"]
[Round "5"]
[White "Fercec, Nenad"]
[Black "Caposciutti, Maurizio"]
[Result "1-0"]
[WhiteElo "2405"]
[BlackElo "2310"]

1.e4 c5 2.Nf3 Nc6 3.d4 cxd4 4.Nxd4 Nf6 5.Nc3 d6 6.Bg5 Bd7 7.Be2 Nxd4 8.Qxd4 Qa5
9.Bd2 Qd8 10.f4 Bc6 11.O-O-O e6 12.Kb1 a6 13.Bf3 Be7 14.g4 O-O 15.g5 Nd7
16.Nd5 Bxd5 17.exd5 e5 18.Qe4 Re8 19.h4 exf4 20.Qxf4 Ne5 21.Be4 Bf8 22.h5 Qd7
23.Bf5 Qb5 24.Bc3 Nc4 25.Bxh7+ Kxh7 26.g6+  1-0

[Event "RUS-ch sf"]
[Site "Novosibirsk"]
[Date "1996.??.??"]
[Round "?"]
[White "Kharitonov, Andrei Y"]
[Black "Ivanov, Timur"]
[Result "0-1"]
[WhiteElo "2560"]
[BlackElo "2370"]

1.e4 c5 2.Nf3 Nc6 3.d4 cxd4 4.Nxd4 Nf6 5.Nc3 d6 6.Bg5 e6 7.Qd2 a6 8.O-O-O h6
9.Bf4 Bd7 10.Nb3 Ne5 11.Kb1 Be7 12.f3 b5 13.Qf2 Qc7 14.Be3 b4 15.Ne2 Nc4
16.Bc1 Rc8 17.Ned4 O-O 18.Bxc4 Qxc4 19.Qe2 Qc7 20.Qd3 a5 21.Ne2 a4 22.Nbd4 d5
23.Ng3 Rfd8 24.Qe2 dxe4 25.fxe4 a3 26.b3 Bd6 27.Rhf1 Be5 28.Rf3 Be8 29.Rfd3 Qc5
30.Nf3 Rxd3 31.cxd3 Bc3 32.Nf1 Bb5 33.Be3 Qc6 34.Nd4 Bxd4 35.Bxd4 Nxe4 36.Ne3 Bxd3+
37.Qxd3 Nf2 38.Nd5 Qxd5 39.Bxf2 Qxg2 40.Bd4  0-1

[Event "Oberwart op"]
[Site "Oberwart"]
[Date "1996.??.??"]
[Round "2"]
[White "Gradwohl, Johann"]
[Black "Sziebert, Adam"]
[Result "0-1"]
[WhiteElo "2160"]
[BlackElo "2300"]

1.e4 c5 2.Nf3 d6 3.d4 cxd4 4.Nxd4 Nf6 5.Nc3 Nc6 6.Bg5 e6 7.Qd2 a6 8.O-O-O h6
9.Bxf6 gxf6 10.Nxc6 bxc6 11.Bc4 Rb8 12.f4 h5 13.Kb1 Qb6 14.Bb3 Bd7 15.Na4 Qb4
16.Qxb4 Rxb4 17.Nc3 c5 18.a3 Rd4 19.Rxd4 cxd4 20.Ne2 Bc6 21.Nxd4 Bxe4 22.Ba4+ Kd8
23.Bc6 d5 24.b4 Bd6 25.Bb7 Bxf4 26.Bxa6 Rg8 27.Bf1 Kd7 28.Nf3 e5 29.Kb2 f5
30.b5 d4 31.c4 dxc3+ 32.Kxc3 Rc8+ 33.Kb4 Rc1 34.a4 Bd5 35.b6 Bc6 36.a5 Rb1+
37.Kc3 e4 38.Nd4 e3 39.Bb5  0-1

[Event "Oberwart op"]
[Site "Oberwart"]
[Date "1996.??.??"]
[Round "4"]
[White "Gradwohl, Johann"]
[Black "Roos, Thomas"]
[Result "1/2-1/2"]
[WhiteElo "2160"]
[BlackElo "2255"]

1.e4 c5 2.Nf3 d6 3.d4 cxd4 4.Nxd4 Nf6 5.Nc3 Nc6 6.Bg5 e6 7.Qd2 Be7 8.O-O-O O-O
9.f4 Nxd4 10.Qxd4 Qa5 11.Bc4 Bd7 12.e5 dxe5 13.fxe5 Bc6 14.Bd2 Nd7 15.Nd5 Qd8
16.Qd3  1/2-1/2